01075 2200313 4500001002100000005001500021035002000036007000300056008004100059336002100100337002300121338003800144040002200182245013000204300003200334020002200366082001500388084001700403264003600420500006900456650001700525850001200542856007500554852002000629100003200649700003600681990002200717990002200739INLIS00000000086632720211105111350 a0010-1121000408ta210705s2016 yoia gs ind d 2rdacontentateks 2rdamediaakomputer 2rdacarrierasumber sambung jaring aYOPDYOGbinderda10aPenuntun praktikum bioteknologi :buntuk program S-1 biologi/pendidikan biologi /cEndik Deni Nugroho, Dwi Anggorowati Rahayu a1 berkas komputer (12,0 MB) a978-602-401-182-604223a620.82 a620.82 END p31aYogyakarta :bDeepublish,c2016 aUntuk mengakses buku ini silakan unduh aplikasi http://ijogja.id 4aBioteknologi aYOPDYOG nPerpustakaan Digital iJogjauhttp://iJogja.id/publications/books/18909 aaplikasi iJogja0 aEndik Deni Nugrohoepenulis0 aDwi Anggorowati Rahayuepenulis a000483-EPD/B.2017 a000484-EPD/B.2017